000 01113cam a22003375i 4500
001 23961058
005 20250923114453.0
008 241223s2024 pk aeh 000 0 eng
010 _a 2024309194
020 _a9789697121526
035 _a23961058
038 _aMalang Jan
040 _aDLC
_beng
_erda
_cDLC
042 _alcode
043 _aa-pk---
050 0 0 _aNA1510.7
_b.P37 2024+
082 _a709.549
_bPAS
100 1 0 _aPasha, Naeem,
_eauthor.
_9130619
245 1 0 _aDocumenting the National Art Gallery Pakistan /
_cNaeem Pasha.
264 1 _aLahore :
_bLe' Topical,
_c2024.
300 _a184 pages :
_bcolor illustrations, plans, facsimiles ;
_c25 cm
336 _atext
_btxt
_2rdacontent
337 _aunmediated
_bn
_2rdamedia
338 _avolume
_bnc
_2rdacarrier
504 _aIncludes bibliographical references.
610 2 0 _aNational Art Gallery (Pakistan)
_vSources.
_9130620
906 _a7
_bibc
_corigode
_d3
_encip
_f20
_gy-gencatlg
942 _2ddc
_cBK
999 _c614802
_d614802